|
|
|
|
| LEADER |
01191nam a2200301 a 4500 |
| 001 |
4926180 |
| 008 |
090916s1996 njua b 000 0 eng d |
| 010 |
|
|
|a 95035582
|
| 020 |
|
|
|a 0195657861
|
| 020 |
|
|
|a 9780195657869
|
| 020 |
|
|
|a 0691037914 (cl : alk. paper)
|
| 040 |
|
|
|a DLC
|c DLC
|d DLC
|
| 082 |
0 |
0 |
|a 530.1/1
|2 20
|
| 100 |
1 |
|
|a Hawking, S. W.
|q (Stephen W.)
|
| 245 |
1 |
4 |
|a The nature of space and time /
|c Stephen Hawking and Roger Penrose.
|
| 260 |
|
|
|a Princeton, N.J. :
|b Princeton University Press, ;
|a New York ;
|a New Delhi :
|b Oxford University Press,
|c c1996.
|
| 300 |
|
|
|a viii, 141 p. :
|b ill. ;
|c 24 cm.
|
| 490 |
0 |
|
|a The Isaac Newton Institute series of lectures
|
| 504 |
|
|
|a Includes bibliographical references (p. [139]-141).
|
| 541 |
1 |
|
|e 00019277
|
| 650 |
|
0 |
|a Space and time.
|
| 650 |
|
0 |
|a Quantum theory.
|
| 650 |
|
0 |
|a Astrophysics.
|
| 650 |
|
0 |
|a Cosmology.
|
| 700 |
1 |
|
|a Penrose, Roger.
|
| 852 |
4 |
|
|a Ayesha Abed Library
|j General shelf
|
| 999 |
|
|
|c 3979
|d 3979
|
| 952 |
|
|
|0 0
|1 4
|2 ddc
|4 0
|6 530_110000000000000_HAW
|7 0
|9 3667
|a BRACUL
|b BRACUL
|c GEN
|d 2009-09-15
|e Prothoma
|g 280.00
|l 4
|m 23
|o 530.11 HAW
|p 3010019277
|r 2013-02-19
|s 2013-02-03
|t 1
|v 560.00
|w 2009-09-17
|y BK
|x Koha Inventory 2020
|